Central Library OPAC University of Rajshahi

Wholesaling / (Record no. 53958)

MARC details
000 -LEADER
fixed length control field 00826nam a2200265 a 4500
001 - CONTROL NUMBER
control field 53958
003 - CONTROL NUMBER IDENTIFIER
rucl marc code BD-RjUL
005 - DATE AND TIME OF LATEST TRANSACTION
control field 20211209080042.0
008 - FIXED-LENGTH DATA ELEMENTS--GENERAL INFORMATION
fixed length control field 170124s1959 nyua b 001 0 eng d
035 ## - SYSTEM CONTROL NUMBER
System control number (BD-RjUL)54080
040 ## - CATALOGING SOURCE
Original cataloging agency DLC
Transcribing agency WSU
Modifying agency BD-RjUL
Language of cataloging eng
041 ## - LANGUAGE CODE
Language code of text/sound track or separate title eng
082 ## - DEWEY DECIMAL CLASSIFICATION NUMBER
Classification number 658.86
Author mark and year BEW 1959
Edition number 23
100 1# - MAIN ENTRY--PERSONAL NAME
Personal name Beckman, Theodore N.
9 (RLIN) 161117
245 10 - TITLE STATEMENT
Title Wholesaling /
Statement of responsibility, etc. Theodore N. Beckman, Nathanael H. Engle and Robert D. Buzzell
250 ## - EDITION STATEMENT
Edition statement 3d ed.
260 ## - PUBLICATION, DISTRIBUTION, ETC. (IMPRINT)
Place of publication, distribution, etc. New York :
Name of publisher, distributor, etc. Ronald Press Co.,
Date of publication, distribution, etc. 1959.
300 ## - PHYSICAL DESCRIPTION
Pagination xvi, 705 p. :
Illustrations ill. ;
Size 24 cm.
504 ## - BIBLIOGRAPHY, ETC. NOTE
Bibliography, etc Includes bibliography and index.
650 #0 - SUBJECT ADDED ENTRY--TOPICAL TERM
Topical term or geographic name as entry element Wholesale trade.
9 (RLIN) 161118
Topical term or geographic name as entry element Wholesale trade
Geographic subdivision United States.
9 (RLIN) 161119
700 ## - ADDED ENTRY--PERSONAL NAME
Personal name Engle , Nathanael H.
Personal name Buzzell, Robert D.
942 ## - ADDED ENTRY ELEMENTS (KOHA)
Source of classification or shelving scheme Dewey Decimal Classification
Koha item type Books
Holdings
Lost status Source of classification or shelving scheme Damaged status Not for loan Collection code Permanent Location Current Location Shelving location Date acquired Source of acquisition Cost, normal purchase price Total Checkouts Full call number Date last seen Copy number Koha item type
  Dewey Decimal Classification     Non-fiction Central Library, University of Rajshahi Central Library, University of Rajshahi   20/03/1963 Zeithinger 65.00   658.86 BEW 1959 30/10/2016 C-2 Books
  Dewey Decimal Classification   Not For Loan Non-fiction Central Library, University of Rajshahi Central Library, University of Rajshahi Reading Room 20/03/1963 Zeittinger 651.00   658.86 BEW 1959 24/01/2017 C-1 Books
  Dewey Decimal Classification     Non-fiction Central Library, University of Rajshahi Central Library, University of Rajshahi   01/01/1965 Zeitlinger 64.00   658.86 BEW 1951 24/01/2017 C-3 Books
  Dewey Decimal Classification     Non-fiction Central Library, University of Rajshahi Central Library, University of Rajshahi   19/11/1970 Swets & Zeitlinger     658.86 BEW 1959 24/09/2019 C-4 Books
  Dewey Decimal Classification     Non-fiction Central Library, University of Rajshahi Central Library, University of Rajshahi   20/03/1963 zaitlinger 65.00   658.86 BEW 1959 07/12/2019 C-5 Books
  Dewey Decimal Classification     Non-fiction Central Library, University of Rajshahi Central Library, University of Rajshahi   20/03/1963 zaitlinger 65.00   658.86 BEW 1959 07/12/2019 C-6 Books
  Dewey Decimal Classification     Non-fiction Central Library, University of Rajshahi Central Library, University of Rajshahi   20/03/1963 zaitlinger 65.00   658.86 BEW 1959 07/12/2019 C-7 Books
  Dewey Decimal Classification     Non-fiction Central Library, University of Rajshahi Central Library, University of Rajshahi   19/11/1970 Swets & Zeitlinger     658.86 BEW 1959 12/12/2019 C-8 Books